000 01792cam a2200313 i 4500
001 16363
003 DO-SdUEMH
005 20260203162940.0
007 ta
008 211105s2010 dr |||gri||| 001 0 spa|d
020 _a9789945074024
040 _aDO-SdUEMH
_bspa
_erda
041 _aspa
082 1 4 _mRD
_aRD370.1
_bG463e
084 _b10-00186
100 _aGIL ARANTEGUI, MALAQUiAS
_eaut
245 1 0 _aEscritos pedagógicos /
_cMalaquías Gil Arantegui ; Editor: Andrés Blanco Díaz prólogo: Laura Gil Fiallo
250 _aSegunda edición
260 _c2010
264 0 1 _aSanto Domingo :
_bComisión Permanente de Efemérides Patrias; Archivo General de la Nación,
_c2010
300 _a257 páginas ;
_c22 cm.
336 _2rdacontent
_atexto
_btxt
337 _2rdamedia
_asin mediación
_bn
338 _2rdacarrier
_avolumen
_bnc
490 _aArchivo General de la Nación ;
_v109
505 2 _aPresentación de los libros del 70 aniversario del exilio español -- Prólogo / Laura Gil Fiallo -- Autoeducación: característica principal del estudiante a distancia -- Los períodos evolutivos de la Pedagogía contemporánea -- Enriquecimiento del vocabulario infantil -- Metodología del mapa -- La educación a distancia -- La educación entre la utopía y el pragmatismo -- El desarrollo integral del ser humano, mediante la educación -- La educación histórica y sus límites -- Concepto y didáctica de la geografía. Primera parte. Evolución de la ciencia geográfica -- Segunda parte. Didáctica de la Geografía -- La Primera Constitución Política de la República Dominicana y sus Reformas entre 1844-1861 -- El aporte del IDEI a la educación dominicana -- Aprendamos toda la vida: desde el alba hasta el crepúsculo.
942 _2ddc
_cBK
_n0
999 _c16363
_d16363